000 00677nam a2200217Ii 4500
003 JO-AjNU
008 230605s9999||||xx |||||||||||||| ||und||
017 _a2008/10/3618
040 _aJO-AjNU
_bara
_erda
_cJO-AjNU
041 _aara
050 1 4 _aQ180 .55 .M4 K336 2008
100 3 _aكافي، منصور بن فضيل,
_eauthor
_921256
245 0 0 _aالبحث العلمي : تقنياته ومناهجه
250 _aد.ط
264 3 1 _aعمان:دار الابرار ،2008
300 _a323ص
336 _atext
_btxt
_2rdacontent
337 _aunmediated
_bn
_2rdamedia
338 _avolume
_bnc
_2rdacarrier
650 4 _aالبحث - طرق البحث
_921257
999 _aA7352
_c10920
_d10920